000 00235 a2200097 4500
001 51364
100 _aMcBride, W V
245 _aNefsiaty Klinic (Hissa Awel)
260 _aLahore
_bAziz Publishers Urdu Bazar
_c
090 _c32555
_d32555
942 _aNUST-CAE
_cM
_c25064
999 _c286437
_d286437